| 000 | 00658nam a2200217 u 4500 | ||
|---|---|---|---|
| 005 | 20220916063618.0 | ||
| 008 | 150224s2006 r 000 0 eng d | ||
| 020 | _a9589782205 | ||
| 035 | _aUPN01000202007 | ||
| 049 | _aI | ||
| 050 | 4 |
_aPZ76.3 _bD3.344 |
|
| 100 | 1 |
_aDa Coll, Ivar, _d1962- _932700 |
|
| 245 | 1 | 0 |
_aChigüiro viaja en chiva / _cIvar Da Coll. |
| 260 |
_aBogotá : _bBabel Libros, _c2006. |
||
| 300 |
_a[32] p. : _bprincipalmente il. col. |
||
| 650 | 0 |
_aAnimales _vCuentos y leyendas _9234 |
|
| 650 | 4 |
_aLITERATURA INFANTIL COLOMBIANA _911063 |
|
| 650 | 7 |
_aLibros ilustrados para niños _2 _921365 |
|
| 905 | _aInfantil | ||
| 999 |
_c174108 _d174108 |
||